Interpretación de textos poéticos chilenos

Đã lưu trong:
Chi tiết về thư mục
Tác giả chính: Villegas, Juan (Tác giả)
Định dạng: Sách
Ngôn ngữ:Tiếng Tây Ban Nha
Được phát hành: Santiago Nascimento 1977
Những chủ đề:
Các nhãn: Thêm thẻ
Không có thẻ, Là người đầu tiên thẻ bản ghi này!

MARC

LEADER 00000nam a2200000 a 4500
001 UCQ6486
003 CL-VaPUC
008 981016e19770000CL |||||||||||||||||spa|d
082 0 4 |a Ch861.09  |b VIL  |2 21 
100 0 |a Villegas, Juan  |e author  |9 420395 
245 1 0 |a Interpretación de textos poéticos chilenos 
300 |a 207 p 
942 |c BK 
945 |d 19981016 00:00:00  |a crobeson 
260 |a Santiago  |b Nascimento  |c 1977 
650 0 |a Poesía chilena   |9 268403 
650 0 |a Literatura chilena   |9 308278 
650 0 |a Crítica e interpretación   |9 255042 
650 0 |a Crítica literaria   |9 269189 
583 |a last modification  |c 19981016 00:00:00  |k Rodrigo Vera 
999 |c 276441  |d 276439 
952 |0 0  |1 0  |4 0  |6 CH_861_090000000000000_VIL_1977  |7 0  |8 A  |9 313665  |a BIBEDU  |b BIBEDU  |d 2019-11-20  |i 1482181  |o Ch861.09 VIL 1977  |p 1482181  |r 2019-11-20  |w 2019-11-20  |y BK  |k LIT 
952 |0 0  |1 0  |4 0  |6 CH_861_090000000000000_VIL_1977  |7 0  |8 A  |9 313666  |a BIBEDU  |b BIBEDU  |d 2019-11-20  |i 148219K  |o Ch861.09 VIL 1977  |p 148219K  |r 2019-11-20  |w 2019-11-20  |y BK  |k LIT 
952 |0 0  |1 0  |4 0  |6 CH_861_090000000000000_VIL_1977  |7 0  |8 A  |9 313667  |a BIBEDU  |b BIBEDU  |d 2019-11-20  |i 1485792  |o Ch861.09 VIL 1977  |p 1485792  |r 2019-11-20  |w 2019-11-20  |y BK  |k LIT